Studies in Early Mysticism in the Near and Middle East (Record no. 115)

MARC details
000 -LEADER
fixed length control field 00617nam a2200241 a 4500
020 ## - INTERNATIONAL STANDARD BOOK NUMBER
ISBN
082 00 - DEWEY DECIMAL CLASSIFICATION NUMBER
Classification number 248.22
Author Cutter SMI
100 ## - MAIN ENTRY--AUTHOR NAME
Author name Smith, Margaret
245 ## - TITLE STATEMENT
Title Studies in Early Mysticism in the Near and Middle East
260 ## - PUBLICATION, DISTRIBUTION, ETC. (IMPRINT)
Place of publication London
Name of publisher Sheldon Press
Year of publication 1931
300 ## - PHYSICAL DESCRIPTION
Number of Pages 276p
500 ## - GENERAL NOTE
General note includes index and biblioraphy
505 2# - FORMATTED CONTENTS NOTE
Formatted contents note Bibliography, Index
650 ## - SUBJECT ADDED ENTRY--TOPICAL TERM
Topical Term Mysticism-Christianity
942 ## - ADDED ENTRY ELEMENTS (KOHA)
Koha item type Books
700 1# -
-- Smith, Margaret
Holdings
Home library Current library Date acquired Cost, normal purchase price Full call number Accession Number Koha item type
Henry Martyn Institute Library Henry Martyn Institute Library   100.00 248.22 SMI 1414 Archive Book
Henry Martyn Institute Library Henry Martyn Institute Library   100.00 248.22 SMI 9743 E-Books
                   Copyright © 2026 | Henry Martyn Institute | Hyderabad | TS-500052 | INDIA | Implemented by hmi.edu.in
Hit-Count:

Powered by Koha